[Event "Pennant A"]
[Site "Adelaide"]
[Date "1998.10.13"]
[Round "1.3"]
[White "Lidums, Aivars"]
[Black "Szeremenda, John"]
[Result "1-0"]
[WhiteElo "1601"]
[BlackElo "1352"]
[Annotator "Fritz 5.00 - Anderson-Smith,W"]
[PlyCount "78"]
[EventDate "1998.10.13"]
[EventType "team"]
[EventRounds "6"]
[EventCountry "AUS"]

1. c4 Nf6 2. d4 e6 3. Nf3 d5 4. Nc3 Be7 5. Bg5 {
Queen's Gambit Declined, Orthodox Defence} c6 6. e3 O-O 7. Be2 Nbd7 8. O-O dxc4
9. Bxc4 b5 (9... Nd5 10. Bxe7 Qxe7 11. Ne4 N5b6 12. Bb3 e5 13. Rc1 Nf6 14.
Nxf6+ gxf6 15. Nh4 exd4 16. exd4 Qe4 17. g3 Qg4 18. Qd3 Be6 19. f3 Qh5 20. Rfe1
Rfe8 21. Re4 Bxb3 22. Qxb3 Rxe4 23. fxe4 Qe2 24. Qf3 Qxf3 25. Nxf3 Re8 26. Nd2
f5 27. e5 f6 28. Nf3 fxe5 {
1/2-1/2 Illescas Cordoba,M-Afifi,A/Novi Sad olm 1990/TD 90\06}) 10. Bd3 Bb7 11.
Rc1 a6 12. Re1 $11 (12. Ne4 Nxe4 13. Bxe7 Qxe7 14. Bxe4 Rac8 15. Nd2 f5 16. Bf3
e5 17. e4 exd4 18. exf5 Ne5 19. Re1 Qc7 20. Be4 Rce8 21. Qh5 Qf7 22. Qh3 Bc8
23. g4 g6 24. f4 Nc4 25. fxg6 hxg6 26. Nf3 Qh7 {
Ruzzier,D-Stantic,S/Portoroz 1996/EXP 51/0-1 (36)}) (12. a4 b4 13. Nb1 Rc8 14.
Qe2 Qa5 15. Nbd2 c5 16. Bxf6 Bxf6 17. Nb3 Bxf3 18. gxf3 Qxa4 19. Ra1 Qc6 20.
Bxa6 Rc7 21. Rfc1 Qb6 22. Qc4 Be7 23. Bb5 Qb7 24. Bxd7 Rxd7 25. dxc5 Qxf3 26.
Nd4 Qg4+ 27. Kf1 Qh3+ 28. Ke2 Qh5+ 29. Ke1 Rd5 30. c6 Bd6 31. c7 Rc5 32. Qxc5
Bxc5 33. Ra5 Rc8 34. Raxc5 Qxh2 35. Nc6 Qd6 36. Rd1 Qxc7 37. Ne7+ Kf8 38. Nxc8
{1-0 Szabolcsi,J-Aubert,L/FRA-chT 1994/TD 94\03}) (12. Qe2 c5 13. Bb1 cxd4 14.
exd4 Qb6 15. Rfd1 Rfe8 16. Ne5 Rad8 17. a3 Nf8 18. Rd3 Nd5 19. Nxd5 Bxd5 20.
Bxe7 Rxe7 21. Rd2 f6 22. Ng4 Bc4 23. Qd1 Red7 24. Ne3 Rxd4 25. Nxc4 bxc4 26.
Rxd4 Qxd4 {Bischof,D-Fodre,S/Dortmund op 1987/TD 87\03/0-1 (58)}) (12. h3 c5
13. Bf4 c4 14. Bb1 Nd5 15. Nxd5 exd5 16. Qc2 g6 17. Rcd1 f5 18. Ne5 Nxe5 19.
Bxe5 Qd7 20. Qe2 b4 21. f3 Bf6 22. Bxf6 Rxf6 23. e4 fxe4 24. fxe4 Rxf1+ 25.
Rxf1 dxe4 26. Qxc4+ Qd5 {
Chinasamy,D-Zelaya,G/Manila olm 1992/TD 92\02/1/2-1/2 (50)}) (12. Qc2 h6 13.
Bxf6 Nxf6 $14) 12... Rc8 13. Rc2 (13. Ne4 Nxe4 14. Bxe7 Qxe7 15. Bxe4 f5 $11)
13... Nd5 $14 (13... c5 $5 $11) 14. Bxe7 Nxe7 15. Ne4 h6 {
Prevents intrusion on g5} 16. Nc5 {A beautiful square!} Nxc5 17. Rxc5 f6 18.
Nh4 Qe8 19. Qg4 f5 20. Qg3 g5 (20... Rd8 21. Bc2 $16) 21. Nf3 Ng6 22. Ne5 (22.
h4 gxh4 23. Nxh4 Kh7 $16) 22... Rd8 23. Rec1 Nxe5 (23... Rd5 24. Nxg6 Qxg6 25.
f4 $16) 24. Qxe5 Rd5 25. Qg3 $14 (25. Rxd5 $5 cxd5 26. Rc7 $16) 25... Qd7 $16 (
25... f4 26. Qh3 fxe3 27. fxe3 Rxc5 28. Rxc5 $16) 26. Be2 Kh7 27. h3 Qd6 $4 $18
{another step towards the grave} (27... f4 $142 28. Qg4 Kg7 $16) 28. Bf3 $16 (
28. Rxd5 $142 {secures the point} Qxd5 29. Qc7+ Kg8 30. Qxb7 $18) 28... Qxg3
29. fxg3 Kg6 $18 (29... Rd6 $5 $16) 30. Bxd5 exd5 31. Kf2 Rf6 32. Kf3 h5 33.
Ke2 Re6 34. Kd3 a5 (34... Kf6 35. Ra1 $18) 35. R1c2 (35. a4 $5 Kf6 36. Kd2 bxa4
37. Rxa5 Bc8 $18) 35... Kf6 36. Rf2 Kg6 37. Rf1 Ba6 38. Kd2 a4 39. b3 (39. Rfc1
Bb7 $18) 39... a3 (39... axb3 $142 $5 40. axb3 b4 $16) 1-0

[Event "Pennant A"]
[Site "Adelaide"]
[Date "1998.10.13"]
[Round "1.4"]
[White "Kramer, Warren"]
[Black "Wawryck, Stephen"]
[Result "1/2-1/2"]
[WhiteElo "1337"]
[BlackElo "1472"]
[Annotator "Fritz 5.00 - Anderson-Smith,W"]
[PlyCount "103"]
[EventDate "1998.10.13"]
[EventType "team"]
[EventRounds "6"]
[EventCountry "AUS"]

1. d4 Nf6 2. c4 e6 3. Nc3 d5 4. e3 {Queen's Gambit Declined} Nbd7 (4... Be7 5.
Nf3 O-O 6. Be2 dxc4 7. Bxc4 c5 8. O-O Nc6 9. dxc5 Bxc5 10. Qxd8 Rxd8 11. Bd2 a6
12. Rac1 Ba7 13. Rfd1 Bd7 14. Be1 Ng4 15. e4 Nce5 16. Nxe5 Nxe5 17. Be2 Bc6 18.
Kf1 Bd4 19. f3 Rd7 20. Bf2 Rad8 21. Bxd4 Rxd4 22. Rxd4 Rxd4 23. Rd1 Rxd1+ 24.
Nxd1 Kf8 25. Ke1 Ng6 26. Ne3 Ke7 27. Kd2 Kd6 28. Kc3 Kc5 29. g3 Bb5 30. b4+ Kb6
31. Bd1 Kc7 32. a4 Bd7 33. f4 Bc6 34. Kd4 Ne7 35. Bb3 Be8 36. Nc4 Nc6+ 37. Kc5
Nd8 38. Nb6 f6 39. b5 axb5 40. axb5 Bg6 41. Bc2 h5 {
1/2-1/2 Steinitz,W-Gunsberg,I/Wch03-New York 1890/MAINB}) (4... c5 5. Nf3 Nc6
6. dxc5 Bxc5 7. a3 a5 8. Be2 O-O 9. O-O dxc4 10. Qc2 e5 11. Bxc4 Bg4 12. Ng5
Bh5 13. Bd3 h6 14. Nge4 Nxe4 15. Bxe4 Ba7 16. Bd2 Bg4 17. h3 Be6 18. Nb5 Bb6
19. Rfd1 Qg5 20. Nd6 Bxh3 21. Qb3 Ba7 22. Qxb7 Ne7 23. Bf3 f5 24. Kf1 e4 25.
gxh3 Rab8 26. Nxe4 fxe4 27. Qxe4 Rf7 28. Bg4 Qh4 29. f4 Kh8 30. Be1 Qf6 31. Bc3
Qa6+ 32. Be2 Qc8 33. Bg4 Qa6+ 34. Kg2 Nf5 35. Bxf5 Rxf5 36. Rd7 {
1-0 Reshevsky,S-Euwe,M/Wch18-NLD\URS (Moscow) 1948/MAINB}) 5. cxd5 exd5 6. Nf3
c6 7. Be2 $146 (7. Bd3 Bd6 (7... Qa5 8. O-O Bb4 9. Bd2 O-O 10. a3 Bd6 11. Ne4
Qc7 12. Nxd6 Qxd6 13. Bb4 c5 14. dxc5 Nxc5 15. Rc1 b6 16. Qc2 Nfd7 17. Bxh7+
Kh8 18. Bd3 Bb7 19. Bb5 a5 20. Bc3 Rac8 21. Bxd7 Qxd7 22. Ng5 {
Kraemer,B-Sperling,C/RLPF-chJW U20 1988/GER 05/1/2-1/2 (52)}) 8. O-O O-O 9. h3
Re8 10. Qc2 (10. Bd2 Ne4 11. Qc2 Ndf6 12. Rac1 Bb8 13. Na4 Qd6 14. Rfe1 h6 15.
a3 Ng5 16. Ne5 Nfe4 17. f4 f6 18. Ng6 Nxd2 19. Qxd2 Ne4 20. Bxe4 Rxe4 21. Nc5
Re8 22. Kh2 Bf5 23. Nxb7 Qc7 24. Nh4 Be4 25. Nc5 g5 26. Nxe4 Rxe4 27. Nf3 gxf4
28. Kg1 fxe3 29. Rxe3 Qf4 30. Rce1 f5 31. Qf2 Bd6 32. Ne5 Bxe5 33. dxe5 Qxf2+
34. Kxf2 c5 35. Rc1 Rc8 36. Kf3 Kf7 37. g4 fxg4+ 38. hxg4 Rxe3+ 39. Kxe3 Ke6
40. Rf1 Kxe5 41. Rf5+ Ke6 42. Rh5 Rb8 43. Rxh6+ Ke5 44. Rh5+ Ke6 45. Rh6+ Ke5 {
1/2-1/2 Horvath,L-Bauer,P/Zalakaros op 1996/EXP 52}) 10... Nf8 11. e4 dxe4 12.
Nxe4 Nxe4 13. Bxe4 h6 14. Be3 Qe7 15. Bd3 Qf6 16. Nd2 Qh4 17. Bf5 Ne6 18. Nf3
Qf6 19. Bg4 Nf4 20. Bxc8 Raxc8 21. Bxf4 Qxf4 22. Rfe1 Rcd8 {
1/2-1/2 Landry Vuorenpaa,S-Wijaya,N/Thessaloniki olw 1984/BIG 80}) (7. Qc2 Be7
8. Bd3 {1/2-1/2 Seres,L-Farago,S/Budapest FS04 IM 1996/EXP 52}) 7... Bd6 8. Qc2
O-O 9. Bd2 a5 10. O-O Re8 11. Rfe1 Nf8 12. Bd3 Bg4 13. Nh4 Ne4 {
Black gets strong initiative} 14. Nf3 $2 $19 (14. g3 $142 {
and White can hope to survive} Ng5 15. f4 $11) 14... Bxf3 15. gxf3 Bxh2+ 16.
Kf1 Ng5 $15 (16... Nxd2+ $142 $5 17. Qxd2 Qh4 $19) 17. Ke2 $2 $19 (17. Kg2 $142
$15 {is the best option White has}) 17... Qf6 18. Bf5 Qxd4 (18... g6 19. Rh1
Bb8 20. f4 Bxf4 21. Bd3 $19) 19. Rh1 Qc4+ 20. Bd3 (20. Qd3 Qxd3+ 21. Bxd3 Nfe6
22. Bxh7+ Nxh7 23. Rxh2 Nd4+ 24. Kd3 Nxf3 $19) 20... Qf4 21. Raf1 (21. Be4 Qh4
(21... Rxe4 $6 22. Qxe4 dxe4 23. exf4 Nxf3 24. f5 $17) 22. Bf5 Nfe6 $19) 21...
Qxf3+ 22. Ke1 Qg2 23. Be2 (23. Kd1 Nh3 24. Be1 Bc7 $19) 23... d4 $1 {
takes home the point} 24. Na4 Rad8 25. Nc5 (25. Bxa5 {
cannot undo what has already been done} Rd5 26. Rxh2 Qxh2 $19) 25... b6 (25...
dxe3 $142 {and Black can already relax} 26. fxe3 Rxe3 27. Bxe3 Bg3+ 28. Bf2
Bxf2+ 29. Rxf2 Qxh1+ 30. Rf1 Qh4+ 31. Rf2 $19) 26. Nd3 dxe3 27. Bxe3 Ng6 (27...
Nf3+ $142 {it becomes clear that Black will call all the shots} 28. Kd1 Bg1 $19
) 28. Bxg5 $2 (28. Rxh2 $142 Qxh2 29. Bxg5 $19) 28... Rxd3 $15 (28... Qxg5 $142
{nails it down} 29. Rxh2 Qf5 $19) 29. Qxd3 Qxg5 {Black threatens strongly Nf4}
30. Rxh2 Qc1+ 31. Qd1 Qxb2 32. f4 Qc3+ 33. Qd2 Qg3+ {
The isolani on f4 becomes a target} 34. Rhf2 Nh4 $16 (34... Nxf4 35. Qxf4 Qc3+
36. Kd1 Rd8+ 37. Bd3 Rxd3+ 38. Rd2 Rxd2+ 39. Qxd2 Qa1+ 40. Ke2 Qe5+ 41. Qe3
Qb5+ 42. Kf2 g6 $16) 35. Kd1 Qa3 36. Bc4 $11 (36. Bd3 $142 $5 $16) 36... b5 $2
$16 (36... Nf5 $142 $5 {would keep Black in the game} 37. Re1 Ne3+ 38. Rxe3
Qxe3 (38... Rxe3 $143 39. Qd8+ Qf8 40. Qxb6 $16) 39. Qxe3 Rxe3 $15) 37. Qd7 {
Do you see the mate threat?} Rf8 $18 (37... Qe7 38. Qxe7 Rxe7 39. Bd3 $16) 38.
Bb3 $16 (38. Bd3 Ng6 $18) 38... a4 39. Bc2 Qg3 $18 (39... Qc3 $142 $5 40. Rd2
Qa1+ 41. Ke2 Qc3 $16) 40. Qd3 (40. Qxc6 $5 Ng6 $18) 40... Qg4+ 41. Kc1 {
Threatening mate... how?} Ng6 42. Qd6 Qg3 (42... Rc8 43. Re1 $18) 43. Rf3 Qg2
44. Bxg6 $16 (44. f5 $142 $5 Qg5+ 45. Kb1 $18) 44... fxg6 45. Qe6+ (45. Qxc6 $6
Qxa2 46. Qxb5 Rc8+ 47. Kd1 Qa1+ 48. Kd2 Qa2+ 49. Ke3 Rd8 $11) 45... Kh8 46. Qe7
{Threatening mate: Qxf8} (46. Qxc6 $6 Qxa2 47. f5 gxf5 $11) 46... Rc8 47. R3f2
{Do you see the mate threat?} Qd5 48. Rd1 Qc4+ 49. Rc2 (49. Kb2 Rg8 $18) 49...
Qxf4+ 50. Kb2 {Threatening mate... how?} Rg8 51. Rxc6 b4 52. Rd8 {
The mate threat is Rxg8} 1/2-1/2

[Event "Pennant A"]
[Site "Adelaide"]
[Date "1998.10.20"]
[Round "2.1"]
[White "Cowley, Robert G"]
[Black "Fraatz, Oliver"]
[Result "1/2-1/2"]
[WhiteElo "1995"]
[BlackElo "1696"]
[Annotator "Fritz 5.00 - Anderson-Smith,W"]
[PlyCount "46"]
[EventDate "1998.10.13"]
[EventType "team"]
[EventRounds "6"]
[EventCountry "AUS"]

1. e4 e6 2. d4 d5 3. Nd2 {French Defence, Tarrasch Variation} Nf6 4. e5 Nfd7 5.
Bd3 c5 6. c3 Nc6 7. Ne2 Qb6 8. Nf3 cxd4 9. cxd4 f6 10. exf6 Nxf6 11. O-O Bd6
12. Nc3 O-O 13. Re1 (13. a3 Bd7 14. Be3 Qd8 (14... Kh8 15. h3 Rae8 16. b4 Qd8
17. Rc1 a6 18. b5 axb5 19. Nxb5 Bb8 20. Qc2 Ne4 21. Rfd1 Rxf3 22. gxf3 Ng5 23.
Kg2 Qf6 24. f4 Bxf4 25. Qd2 e5 26. Rh1 Nf3 27. dxe5 Ncxe5 28. Qe2 Qg5+ 29. Kf1
Bxh3+ {0-1 Popovic,P-Kindermann,S/Dortmund 1988/CBM 07}) 15. Rc1 Be8 16. h3 Nh5
17. Ng5 Bb8 18. f4 Nxf4 19. Bxh7+ Kh8 20. Qg4 Qd6 21. g3 Ng6 22. Bxg6 Rxf1+ 23.
Rxf1 Bxg6 24. Kg2 Nd8 25. Ne2 Qe7 26. Bf4 Kg8 27. Bxb8 Rxb8 28. Nf4 Bf5 29. Qh5
Rc8 30. Ng6 {1-0 Svidler,P-Djurhuus,R/Gausdal AC 1991/TD 91\06}) 13... Kh8 14.
Bc2 (14. h3 Nxd4 15. Nxd4 Qxd4 16. Nb5 Qb6 17. Be3 Bc5 18. Bxc5 Qxc5 19. Rc1
Qb6 20. Nc7 Rb8 21. Qd2 Rf7 22. Qf4 Qxb2 23. Nxe6 Bxe6 24. Qxb8+ Ng8 25. Qg3
Qb6 26. Rb1 Qc6 27. Rec1 Qd7 28. Rc2 Bf5 29. Bxf5 Qxf5 30. Rbc1 h6 31. Rc7 Ne7
32. Rxb7 Ng6 33. Rcc7 Rxc7 34. Qxc7 Qf6 35. Rxa7 d4 36. Qf7 Qxf7 37. Rxf7 Kg8
38. Rd7 Nf4 39. a4 Kf8 40. Kf1 Ne6 41. a5 Ke8 42. Rd5 Ke7 43. a6 Nc7 44. Ra5
Kd6 45. a7 Na8 46. Ke2 Kc6 47. Kd3 Kb6 48. Ra2 Kc5 49. Rc2+ Kb6 50. Kxd4 Kxa7
51. Ra2+ Kb7 52. Rxa8 Kxa8 {1-0 Stojanovic,N-Worek,J/WchJW U10 1996}) 14... Bd7
15. a3 Rae8 $14 (15... Rac8 16. Qd3 Ne7 17. Bg5 Ng6 18. Rab1 Ng4 19. h3 Nf6 20.
Nh4 Nf4 21. Qe3 Qc7 22. Nf3 N6h5 23. Ne5 Bxe5 24. Qxe5 Qxe5 25. Rxe5 Rc4 26.
Rd1 h6 27. Be7 Rf7 28. Bb4 g5 29. h4 gxh4 30. Rxh5 Nxh5 31. Bg6 Rf4 32. Bxh5
Rcxd4 33. Rxd4 Rxd4 34. Bc5 Rd2 35. b4 b6 36. Be7 Kg7 37. Bxh4 d4 38. Ne4 Rd3
39. Kf1 Bb5 40. Ke1 a5 41. bxa5 bxa5 42. Be2 Rb3 43. Bf6+ Kg6 44. Bxb5 Rxb5 45.
Bxd4 Rb3 46. Bc5 Kf5 47. Nd2 Rc3 48. Bf8 h5 49. Ke2 Kf4 50. Bd6+ {
Holoubkova,M-Jankurova,J/CSR-chJW 1990/TD 93\02/1-0 (88)}) (15... Rac8 16. h3
$11) 16. Be3 $11 (16. Bg5 h6 17. Bxf6 Rxf6 $14) 16... Ng4 17. Qd3 {
Threatening mate... how?} g6 18. h3 Nxe3 19. Rxe3 $11 (19. Qxe3 Qxb2 20. Bxg6
hxg6 21. Qh6+ Kg8 22. Qxg6+ Kh8 23. Qh6+ Kg8 24. Qg6+ Kh8 25. Qh6+ Kg8 26. Qg6+
$11) 19... Bf4 20. Ree1 Qd8 (20... Qxb2 $2 {doesn't work} 21. Na4 Qxa1 22. Rxa1
$18) 21. Re2 Bh6 22. Ne5 $15 {The knight dominates} (22. Rd1 Bg7 23. Ree1 Qf6
$11) 22... Nxe5 23. dxe5 a6 1/2-1/2

[Event "Pennant A"]
[Site "Adelaide"]
[Date "1998.10.20"]
[Round "2.2"]
[White "Amini, Amir"]
[Black "Anderson-Smith, William"]
[Result "1-0"]
[WhiteElo "1412"]
[BlackElo "1512"]
[Annotator "Fritz 5.00 - Anderson-Smith,W"]
[PlyCount "118"]
[EventDate "1998.10.13"]
[EventType "team"]
[EventRounds "6"]
[EventCountry "AUS"]

1. d4 d5 2. c4 e6 {Queen's Gambit Declined} 3. Nf3 Nf6 4. Bg5 Nbd7 5. e3 c6 6.
Nbd2 Be7 7. Bd3 (7. Rc1 Ne4 8. Bxe7 Qxe7 9. Bd3 Nxd2 10. Qxd2 O-O 11. O-O dxc4
12. Rxc4 e5 13. dxe5 Nxe5 14. Nxe5 Qxe5 15. f4 Qe7 16. Re4 Qf6 17. Re5 Be6 18.
Qb4 Rad8 19. Bb1 Bc8 20. h3 g6 21. e4 Qd6 22. Qb3 b6 23. Kh2 Be6 24. Qg3 f6 25.
Rh5 Qc7 26. e5 f5 27. Rg5 Rd2 28. Rf2 Rxf2 29. Qxf2 Qf7 30. h4 Bxa2 31. Bxa2
Qxa2 32. h5 Qe6 33. Qh4 Kg7 34. Rg3 Rg8 35. Rd3 Kh8 36. Rd6 g5 37. Rxe6 gxh4
38. Rxc6 Rg4 39. h6 Kg8 40. e6 Kf8 41. Rc7 Rg6 42. Rxa7 Rxh6 43. Rf7+ Kg8 44.
Rxf5 Rxe6 45. Rb5 Re4 46. f5 Rf4 47. Kh3 Kf7 48. Rxb6 Rxf5 49. Kxh4 Re5 50. Kg4
Rd5 51. Kf4 Rd4+ 52. Ke3 Rg4 53. Kf3 h5 54. Rb3 Kf6 55. g3 Rd4 56. Ke3 Rg4 57.
Kd2 Ke5 58. Rd3 Rg8 59. b4 Kf5 60. b5 Rb8 61. Rd5+ Kg4 62. Kc3 Rh8 63. Rd3 Re8
64. Kb4 Rb8 65. Kc5 Rc8+ 66. Kb6 Rc1 67. Ka5 Rb1 68. b6 Rb2 69. Ra3 {
1-0 Hebden,M-El Assiouti,S/London Lloyds 1993/TD 93\09}) 7... h6 (7... O-O 8.
h3 (8. O-O b6 9. cxd5 cxd5 10. Rc1 Bb7 11. Qa4 a6 12. Qb3 Bd6 13. Rc3 h6 14.
Bh4 Qb8 15. Bxf6 gxf6 16. Rfc1 f5 17. Nf1 Qd8 18. Ng3 Qe7 19. Nh5 Rfc8 20. a4
Kf8 21. g3 Bb4 22. R3c2 Rxc2 23. Qxc2 Bd6 24. Qe2 Bb8 25. Rc3 Ke8 26. Nh4 Qb4
27. Qc2 Kd8 28. Be2 Ba7 29. Nf4 Nf6 30. Nd3 Qe7 31. Ne5 Ne4 32. Rc6 f6 33. Nhg6
Qe8 34. Rc7 fxe5 35. Rxb7 Rc8 36. Qb3 Rc7 37. Rxc7 Kxc7 38. Nxe5 Kb7 39. Nd3 a5
40. f3 Nd6 41. Ne5 Bb8 42. Qc2 Qc8 43. Qxc8+ Kxc8 44. Ba6+ Kd8 45. Nc6+ Kd7 46.
Nxb8+ Kc7 47. g4 Kxb8 48. Kf2 Kc7 49. Bd3 fxg4 50. fxg4 Kd7 51. Kf3 Ke7 52. Kf4
Kf6 53. h4 Nf7 54. Bb1 Nd8 55. g5+ hxg5+ 56. hxg5+ Ke7 57. g6 Kf6 58. g7 Kxg7
59. Ke5 Kf7 60. Kd6 Kf6 61. Kc7 Nf7 62. Kxb6 Nd6 63. b3 {
1-0 Karpov,A-Ljubojevic,L/Wijk 1988/CBM 05}) 8... Re8 9. O-O Nf8 10. Ne5 N6d7
11. Bxe7 Qxe7 12. f4 c5 13. Qf3 Nf6 14. g4 dxc4 15. Ndxc4 Rd8 16. g5 Ne8 17.
Rad1 cxd4 18. exd4 g6 19. Be4 Nd6 20. Nxd6 Rxd6 21. Ng4 Rb8 22. Qc3 Nd7 23. d5
h5 24. Ne5 exd5 25. Bxd5 Nxe5 26. Qxe5 Qxe5 27. fxe5 Rb6 28. Bxf7+ Kg7 29. Bb3
Bf5 30. h4 Re8 31. Rfe1 Be6 32. Bxe6 Rbxe6 33. Rd7+ R8e7 34. Rxe7+ Rxe7 35. Kf2
Kf7 36. Kf3 Ke6 37. Ke4 Rf7 38. Kd4 Rf4+ 39. Re4 Rf5 40. b4 b6 41. a4 Rf1 42.
Kc4 a6 43. Kc3 Rd1 44. Rf4 Kxe5 45. Rf6 Rd6 46. Rxd6 Kxd6 47. Kd4 a5 48. b5 {
1/2-1/2 Troffiguer,O-Bellincampi,S/Cannes op 1990/EXT 90op}) 8. Bh4 (8. Bf4 O-O
9. O-O b6 10. Rc1 Bb7 11. cxd5 exd5 12. Ne5 c5 13. Qf3 Nxe5 14. dxe5 Ne8 15.
Bxh6 Qd7 16. Qh5 g6 17. Bxg6 fxg6 18. Qxg6+ Kh8 19. e6 Rf6 20. Qxf6+ Nxf6 21.
exd7 Nxd7 22. Bf4 Bf6 23. b3 Ba6 24. Rfe1 Ne5 25. Bxe5 Bxe5 26. f4 Bb2 27. Rc2
Bf6 28. Nf3 Re8 29. Ne5 Bxe5 30. fxe5 Rxe5 31. Rd2 Kg7 32. Kf2 Kf6 33. g4 Bc8
34. Kg3 Be6 35. e4 Rg5 36. Rf2+ Ke7 37. exd5 Rxd5 38. Rfe2 Rd6 39. h4 Kf7 40.
Rxe6 Rxe6 41. Rxe6 Kxe6 42. Kf4 b5 43. h5 a5 44. h6 Kf6 45. g5+ Kg6 46. Ke4 c4
47. bxc4 b4 48. Kd3 a4 49. Kc2 {1-0 Roeder,M-Herzog,K/BL 8687 1987/BL 80}) 8...
O-O 9. O-O dxc4 $146 (9... c5 10. Ne5 Nxe5 11. dxe5 Nd7 12. Bg3 Nb6 13. Qc2 Bd7
14. e4 dxc4 15. Nxc4 Nxc4 16. Bxc4 b5 17. Be2 Qb6 18. f4 Rfd8 19. f5 c4+ 20.
Kh1 Bg5 21. Rad1 Qb7 22. Bh5 Bc6 23. Bf3 Rxd1 24. Qxd1 Rd8 25. Qe1 Bd2 26. Qe2
Rd3 27. fxe6 fxe6 28. Bg4 Qd7 29. Qf2 Bxe4 30. Qf8+ Kh7 31. Rf7 Qxf7 32. Qxf7
Bc1 33. Bh4 Rd2 34. Bf6 {1-0 Link,U-Niesslbeck,H/BL2-S 8788 1988/BL2}) 10. Nxc4
b5 11. Nce5 Bb7 12. Rc1 Rc8 13. Qe2 a6 14. Rfd1 Nd5 $16 (14... Nxe5 $5 {
deserves consideration} 15. Nxe5 g5 $14) 15. Bxe7 Qxe7 16. Nxd7 Qxd7 17. Ne5
Qe7 18. Rc5 {A beautiful square!} Rc7 19. Rdc1 Rfc8 20. f4 Nf6 21. Qc2 {
The pressure on the backward pawn c6 grows} Qe8 22. a4 $14 (22. b4 Rd8 $16)
22... Nd7 23. Nxd7 Rxd7 24. axb5 axb5 25. Bxb5 Rd5 $18 (25... cxb5 26. Rxc8
Bxc8 27. Qxc8 $16) 26. Ba4 Qd7 27. Qb3 Rxc5 28. Rxc5 Ba8 29. Qb6 Qb7 30. Qxb7 {
Do you see the mate threat?} Bxb7 31. Bd1 Ra8 32. Bf3 Ra6 33. b4 Rb6 34. Rc4
Kf8 35. Kf2 Ke7 36. Ke2 $4 $19 {a transit from better to worse} (36. g4 $142
$16) 36... Kd6 $4 $16 {allows the opponent back into the game} (36... Ba6 $142
37. b5 Bxb5 $19 (37... cxb5 $6 38. Rc7+ Kf6 39. Kd3 $11)) 37. Kd2 Ra6 38. Kc2
Rb6 39. Kc3 Ba6 40. Rc5 Bb5 41. Be4 Ra6 42. Kb3 Ra1 43. Rc3 Re1 44. Bf3 Ra1 (
44... Rb1+ 45. Ka3 $14) 45. Be4 $11 (45. h4 $142 $5 $16) 45... Rd1 $16 (45...
Re1 $142 $5 $11 {must be considered}) 46. Kc2 Ra1 47. Kd2 $14 (47. Kb2 Re1 $16)
47... Ra2+ (47... f5 48. Bf3 $14) 48. Rc2 Ra3 49. Rb2 Ra1 50. Bd3 Rg1 51. Bxb5
Rxg2+ $4 $18 (51... cxb5 $142 {the rescuing straw} 52. Kd3 Rd1+ 53. Ke2 Ra1 $14
) 52. Be2 Rxh2 53. Rb1 (53. Ra2 {seems even better} g5 54. fxg5 hxg5 $18) 53...
h5 (53... g5 54. fxg5 hxg5 55. Rg1 $18) 54. Rg1 g6 55. e4 (55. Ra1 {
and White can already relax} f6 $18) 55... h4 (55... Rh3 56. Ra1 f5 57. Ra6 $18
) 56. Ke3 (56. Ra1 {makes it even easier for White} Kd7 $18) 56... h3 (56...
Kc7 57. Ra1 Kb7 58. e5 $18) 57. e5+ Ke7 58. Bf3 (58. Kf3 $142 $5 {
might be the shorter path} Kd7 $18) 58... Rb2 59. Bxc6 Rxb4 1-0

[Event "Pennant A"]
[Site "Adelaide"]
[Date "1998.10.20"]
[Round "2.4"]
[White "Howard, George"]
[Black "Kramer, Warren"]
[Result "1/2-1/2"]
[WhiteElo "1571"]
[BlackElo "1337"]
[Annotator "Fritz 5.00 - Anderson-Smith,W"]
[PlyCount "61"]
[EventDate "1998.10.13"]
[EventType "team"]
[EventRounds "6"]
[EventCountry "AUS"]

1. e4 c5 2. Nf3 d6 3. Bb5+ {Sicilian Defence, Nimzowitsch-Rossolimo Attack} Nc6
(3... Bd7 4. Bxd7+ Qxd7 5. O-O Nc6 6. c3 Nf6 7. d4 (7. Qe2 e6 8. d4 cxd4 9.
cxd4 d5 10. e5 Ne4 (10... Ng8 11. a3 Nge7 12. b4 Nc8 13. Be3 Nb6 14. Nbd2 Be7
15. Rfc1 O-O 16. Ne1 Rfc8 17. Nd3 Na4 18. Nb3 b6 19. Rc2 Bf8 20. Rac1 Ne7 21.
Ne1 Rxc2 22. Rxc2 Rc8 23. h3 Rxc2 24. Qxc2 Qb5 25. Nd2 a5 26. Nd3 Nc6 27. Nf3
axb4 28. axb4 Nxb4 29. Nxb4 Bxb4 30. Ng5 h6 31. Qh7+ Kf8 32. Qh8+ Ke7 33. Nh7
Qe8 34. Qxg7 Kd8 35. Bxh6 Be7 36. Nf6 Bxf6 37. Qxf6+ Kd7 38. Bd2 Nb2 39. h4 Nc4
40. Bb4 Qg8 41. h5 Qh7 42. h6 Kc6 43. Qg7 Qb1+ 44. Kh2 Qxb4 45. h7 Nd2 46. h8=Q
{1-0 Barua,D-Ward,C/London Lloyds 1993/TD 93\09}) 11. Nbd2 Nxd2 12. Bxd2 Be7
13. Rac1 O-O 14. Rc2 Rac8 15. Rfc1 a6 16. h4 Bxh4 17. Rxc6 Rxc6 18. Nxh4 Rxc1+
19. Bxc1 Qa4 20. Qg4 Kh8 21. a3 Qc2 22. Qf4 Kg8 23. b4 Rc8 24. Be3 Qd1+ 25. Kh2
Qh5 26. g3 Rc3 27. a4 Rb3 28. Kg2 Rxb4 29. a5 Rb1 30. Qf3 Qxf3+ 31. Nxf3 b6 32.
axb6 a5 33. Bg5 a4 34. Be7 Rxb6 35. Ne1 Rb2 36. Bc5 h5 37. Nd3 a3 38. Bxa3 Rb3
{0-1 Hort,V-Huebner,R/BL 8182 1982/BL 80}) 7... cxd4 8. cxd4 d5 9. e5 Ne4 10.
Ne1 f6 11. f3 Ng5 12. Be3 e6 13. Nc3 Be7 14. Qd2 O-O 15. exf6 gxf6 16. Nd3 Nf7
17. Nf4 Nd6 18. Bf2 Rae8 19. Rae1 Bd8 20. Re2 Nf5 21. Na4 Ba5 22. Qd1 Qd6 23.
g3 Nh4 24. Qb3 b6 25. a3 Kh8 26. Rc1 Rg8 27. Kf1 Nf5 28. Qd3 Nfxd4 29. Bxd4 e5
30. Be3 exf4 31. Bxf4 Ne5 32. Bxe5 fxe5 33. b4 b5 34. Qxb5 Bd8 35. Rd1 d4 36.
Nc5 Rgf8 37. Kg2 Qd5 38. Qb7 Qxb7 39. Nxb7 Bb6 40. Nd6 Re6 41. Nc4 Bc7 42. Rxd4
{1-0 Chiburdanidze,M-Ljubojevic,L/Bilbao 1987/CBM 03/[Anderson-Smith,W]}) 4. h3
(4. b4 cxb4 5. a3 Nf6 6. Qe2 bxa3 7. O-O e6 8. d4 Be7 9. e5 dxe5 10. dxe5 Nd7
11. Bxa3 O-O 12. Rd1 Bxa3 13. Rxa3 Qc7 14. Re3 f6 15. exf6 Nxf6 16. Ng5 Qf4 17.
Rg3 Kh8 18. Nc3 e5 {Pyhala,A-Grivas,E/Gausdal TM 1993/TD 93\03/0-1 (29)}) 4...
a6 $146 (4... Bd7 5. c3 (5. O-O e5 6. c3 Nf6 7. Re1 Be7 8. d4 Qc7 9. d5 Nb8 10.
Bxd7+ Nbxd7 11. c4 O-O 12. Bg5 h6 13. Bxf6 Bxf6 14. Nc3 a6 15. Qd2 Rfb8 16. Ne2
Kh7 17. Rab1 b5 18. b3 Rb7 19. a4 bxc4 {
Hevia,J-Lorinczi,P/Candas op 1992/TD 92\09/1-0 (40)}) 5... Nf6 6. d3 g6 7. O-O
Bg7 8. a4 O-O 9. Re1 a6 10. Bc4 Rb8 11. Na3 Na5 12. e5 dxe5 13. Nxe5 Nxc4 14.
Naxc4 Nd5 15. Qf3 Be8 16. a5 f6 17. Ng4 Bc6 18. Qd1 e5 19. Qb3 {
Sanchez,R-Aguas,M/ESP-chT 1993/TD 93\10/1-0 (51)}) 5. Bxc6+ bxc6 6. b3 Nf6 7.
d3 {Controls e4} e6 8. Bb2 Be7 $14 (8... e5 9. O-O $11) 9. O-O $11 (9. e5 Nd5
$14) 9... Bb7 $14 (9... e5 10. Nbd2 $11) 10. c4 $11 (10. e5 dxe5 11. Nxe5 Rb8
$14) 10... Qc7 11. Nbd2 a5 12. Re1 e5 13. Nf1 h6 {Consolidates g5} 14. Ne3 Bc8
15. Nh2 Be6 16. Neg4 Nxg4 17. Nxg4 h5 (17... O-O 18. Ne3 $11) 18. Ne3 Qd7 19.
Kh2 $11 (19. Qf3 Bg5 $14) 19... g5 20. f3 {Prevents intrusion on g4} f6 (20...
Rh7 21. Kg1 $15) 21. Qe2 Kf7 22. g4 $15 (22. Qf2 Rhb8 $11) 22... hxg4 {
Black gets in control} 23. fxg4 Rh7 24. Nf5 $17 {
An ideal square for the white knight.} (24. Rg1 $142 $5 $11 {
should be investigated more closely}) 24... Bxf5 25. exf5 Rah8 26. Qf3 Qb7 $15
(26... d5 27. Re3 $17) 27. Bc3 Bd8 28. Rg1 Bc7 29. Kg2 d5 $11 (29... Rxh3 30.
Qxh3 Rxh3 31. Kxh3 a4 $15) 30. Rh1 d4 {This push gains space} 31. Bd2 1/2-1/2